Logo Quiz #1. Loga Polskich Parków Narodowych - Statystyki

Ogólne statystyki
  • Ten quiz został rozwiązany 8 082 razy
  • Średni wynik to 17 z 23
Statystyki odpowiedzi
% Poprawnych
Tatrzański Park Narodowy
85%
Białowieski Park Narodowy
84%
Ojcowski Park Narodowy
84%
Słowiński Park Narodowy
81%
Park Narodowy Gór Stołowych
80%
Bieszczadzki Park Narodowy
79%
Pieniński Park Narodowy
78%
Woliński Park Narodowy
76%
Gorczański Park Narodowy
75%
Kampinoski Park Narodowy
73%
Narwiański Park Narodowy
73%
Roztoczański Park Narodowy
73%
Wielkopolski Park Narodowy
73%
Babiogórski Park Narodowy
72%
Park Narodowy ”Bory Tucholskie”
72%
Wigierski Park Narodowy
72%
Świętokrzyski Park Narodowy
71%
Karkonoski Park Narodowy
70%
Biebrzański Park Narodowy
68%
Park Narodowy ”Ujście Warty”
68%
Drawieński Park Narodowy
67%
Poleski Park Narodowy
67%
Magurski Park Narodowy
66%
Nie znaleziono quizów pasujących do podanych kryteriów
Rozkład punktacji
Procent ludzi z każdym wynikiem
Percentyl według liczby udzielonych odpowiedzi
Twoja historia wyników
Nie rozwiązałeś tego quizu